Técnica del riego

Bibliographic Details
Main Authors: Thorne, D W, Peterson, H. B
Format: Section = Libro
Language:Undetermined
Spanish
Published: Cuba Continental 1963
Edition:2a.ed
Subjects:
LEADER 00452nam a2200193Ia 4500
008 240830s9999 xx 000 0 und d
040 |a B-ESTELÍ- RUACS / 631.587 T487 
041 |a spa 
082 |a 631.587 T487 
100 1 |a Thorne, D W 
100 1 |b  Peterson, H. B 
245 1 0 |a Técnica del riego 
250 |a 2a.ed 
260 |a Cuba  |b Continental  |c 1963 
300 |a 110 p. 
650 7 |a AGRONOMIA 
942 |c BK  |2 ddc 
991 |a TEXTO 
999 |c 11330